|
|
|
|
| LEADER |
01785nam a22003257a 4500 |
| 001 |
35781 |
| 003 |
BD-DhAAL |
| 008 |
211025t1998 bg ||||| i||| 00| 0 ben d |
| 999 |
|
|
|c 43264
|d 43264
|
| 020 |
|
|
|a 9840501879
|
| 040 |
|
|
|a BD-DhAAL
|
| 041 |
|
|
|a ben
|
| 082 |
|
|
|a 891.440809287
|2 22
|
| 245 |
|
|
|a জানানা মহফিল :
|b বাঙালি মুসলমান লেখিকাদের নির্বাচিত রচনা,
|n ১৯০৪-১৯৩৮ /
|c শাহীন আখতার, মৌসুমী ভৌমিক সম্পাদিত
|
| 246 |
|
|
|a Zenana mehfil : Bangali Musalman lekhikader nirbachita rachana, 1904-1938
|
| 246 |
|
|
|a An anthology of selected writings of Bengali Muslim women
|
| 260 |
|
|
|a ঢাকা
|b ইউনিভার্সিটি প্রেস লিমিটেড,
|c ১৯৯৮
|
| 300 |
|
|
|a চল্লিশ, ৩১৫ পৃষ্ঠা :
|b চিত্র ;
|c ২২ সে.মি.
|
| 500 |
|
|
|a নির্ঘণ্ট অন্তর্ভুক্ত।
|
| 526 |
|
|
|a BIED
|
| 541 |
|
|
|a Complimentary copy from BIED
|e 35781
|
| 650 |
|
|
|a Bengali literature
|x Women authors
|v Translations into English.
|9 42193
|
| 650 |
|
|
|a Bengali literature
|x Muslim authors
|v Translation
|9 42194
|
| 650 |
|
|
|a Women, Bengali
|x Social conditions.
|9 42195
|
| 650 |
|
|
|a Women, Bengali
|x Economic conditions.
|9 42196
|
| 700 |
|
|
|a আখতার, শাহীন
|9 42197
|
| 700 |
|
|
|a ভৌমিক, মৌসুমী
|9 42198
|
| 852 |
|
|
|a Ayesha Abed Library
|c General Stacks
|
| 942 |
|
|
|2 ddc
|c BK
|
| 952 |
|
|
|0 0
|1 0
|2 ddc
|4 0
|6 891_440809287000000_ZEN
|7 0
|9 69410
|a BRACUL
|b BRACUL
|c GEN
|d 2021-10-25
|e Complimentary copy from BIED
|l 0
|o 891.440809287 ZEN
|p 3010035781
|r 2021-10-25
|t 1
|w 2021-10-25
|y BK
|x Transferred from BIED to General Stacks
|